00435nam a2200109Ia 4500008004100000020001800041245008000059260002200139650001400161650010500175856004500280171212s9999 xx 000 0 und d a9781922144584 ceditor Song, LigangaDilemmas of China's growth in the Twenty-First Century bANU E Pressc2012 aEconomics aWorld Trade Organization; China -- Economic conditions -- 2000-; China -- Foreign economic relations uwww.jstor.org/stable/10.2307/j.ctt24hcck